|
|
|
|
| LEADER |
00966nam a22002417a 4500 |
| 001 |
39097 |
| 003 |
BD-DhAAL |
| 008 |
220801t2017 bg a|||| |||| 00| 0 ben d |
| 999 |
|
|
|c 44715
|d 44715
|
| 020 |
|
|
|a 9789849237914
|
| 040 |
|
|
|a BD-DhAAL
|c BD-DhAAL
|
| 041 |
|
|
|a ben
|
| 082 |
|
|
|a 920
|
| 100 |
|
|
|a চৌধুরী, লতিফা
|9 50512
|
| 245 |
|
|
|a ফেলে আসা দিনগুলি /
|c লতিফা চৌধুরী
|
| 246 |
|
|
|a Fele asa dingulo
|
| 260 |
|
|
|a ঢাকা :
|b উৎস প্রকাশন,
|c ২০১৭.
|
| 300 |
|
|
|a ১৩৬ পৃষ্ঠা :
|b চিত্র ;
|c ২২ সে.মি.
|
| 541 |
|
|
|a Donated By Akbar Ali Khan
|e 39097
|
| 650 |
|
|
|a Autobiography.
|9 50513
|
| 852 |
|
|
|a Ayesha Abed Library
|c Akbar Ali Khan Collection
|
| 942 |
|
|
|2 ddc
|c BK
|
| 952 |
|
|
|0 0
|1 0
|2 ddc
|4 0
|6 920_000000000000000_CHO
|7 1
|9 71428
|a BRACUL
|b BRACUL
|c AAKC
|d 2022-08-02
|e Donated by Akbar Ali Khan
|l 0
|o 920 CHO
|p 3010039097
|r 2022-08-02
|t 1
|w 2022-08-02
|y BK
|